000
00312nam a22001337a 4500
005
20160208115451.0
008
160208b xxu||||| |||| 00| 0 eng d
040
_c
PK-LaUMT
082
_a
AMC 956.94405
_b
JUD-
245
_a
The judaization of jerusalem
260
_a
[ ]
_b
[ ]
_c
[ ]
300
_a
[ ]
942
_c
BK
999
_c
82650
_d
82650